Kuby Immunology
Amherst College, MA. Immunology textbook for students. Previous edition, c1997, was titled Immunology, by Janis Kuby. Presents a current and comprehensive introduction to the principles and research in the field. Color highlighting and illustrations. DNLM: Immune System--immunology.
Enregistré dans:
| Auteur principal: | |
|---|---|
| Format: | Livre |
| Langue: | Undetermined |
| Publié: |
New York
W.H. Freeman and company
2000
|
| Sujets: | |
| Tags: |
Ajouter un tag
Pas de tags, Soyez le premier à ajouter un tag!
|
| Thư viện lưu trữ: | Trung tâm Học liệu Trường Đại học Cần Thơ |
|---|
| LEADER | 00934nam a2200217Ia 4500 | ||
|---|---|---|---|
| 001 | CTU_159433 | ||
| 008 | 210402s9999 xx 000 0 und d | ||
| 020 | |c 40.00 | ||
| 082 | |a 616.079 | ||
| 082 | |b G622 | ||
| 100 | |a Goldsby, Richard A. | ||
| 245 | 0 | |a Kuby Immunology | |
| 245 | 0 | |c Richard A. Golds, Thomas J. Kindt, Barbara A. Osborne | |
| 260 | |a New York | ||
| 260 | |b W.H. Freeman and company | ||
| 260 | |c 2000 | ||
| 520 | |a Amherst College, MA. Immunology textbook for students. Previous edition, c1997, was titled Immunology, by Janis Kuby. Presents a current and comprehensive introduction to the principles and research in the field. Color highlighting and illustrations. DNLM: Immune System--immunology. | ||
| 650 | |a Immune System,Hệ miễn dịch,Immunology,Miễn dịch học | ||
| 650 | |x Immunology,Miễn dịch học | ||
| 904 | |i Hải | ||
| 980 | |a Trung tâm Học liệu Trường Đại học Cần Thơ | ||